| 000 | 00385nam a2200133Ia 4500 | ||
|---|---|---|---|
| 008 | 220217s9999||||xx |||||||||||||| ||und|| | ||
| 020 | _a9788120313750 | ||
| 082 | _a620.4 JON | ||
| 100 | _aJones, J B and Dugan, R E | ||
| 245 | 0 | _aEngineering thermodynamics | |
| 260 |
_aPrenice hall of India _bNew Delhi _c2011 |
||
| 300 |
_aXXIII, 1000p. _b475 |
||
| 650 |
_aThermodynamics _96541 |
||
| 999 |
_c182800 _d182800 |
||